Books from the Wheel of Time Series - Statistics

General Stats
  • This quiz has been taken 299 times
    294 since last reset
  • The average score is 11 of 15
Answer Stats
Hint Answer % Correct
The Eye of the World
96%
The Dragon Reborn
93%
The Great Hunt
93%
New Spring
86%
The Shadow Rising
75%
A Memory of Light
74%
The Fires of Heaven
73%
Lord of Chaos
71%
Winter's Heart
66%
A Crown of Swords
65%
The Path of Daggers
63%
Towers of Midnight
62%
Knife of Dreams
57%
The Gathering Storm
56%
Crossroads of Twilight
53%
No matching quizzes found
Score Distribution
Percent of People with Each Score
Percentile by Number Answered
Your Score History
You have not taken this quiz since the last reset